Principles of American state administration : by John Mabry Mathews.

Bibliographic Details
Main Author: Mathews, John Mabry, 1883-
Format: Book
Language:English
Published: New York : D. Appleton, [1917]
Subjects:

MARC

Tag First Indicator Second Indicator Subfields
LEADER 00000cam a2200000 4500
001 in00000367673
005 20151011074841.0
008 750711s1917 nyu b 00110 eng
010 |a  17001515  
035 |a (OCoLC)01443559 
035 |9 ABP5637AM 
040 |a DLC  |c JPL  |d TXA  |d UtOrBLW 
049 |a TXAM  |c [1398510] 
050 0 0 |a JK2443  |b .M3 
100 1 |a Mathews, John Mabry,  |d 1883- 
245 1 0 |a Principles of American state administration :  |b by John Mabry Mathews. 
264 1 |a New York :  |b D. Appleton,  |c [1917] 
264 4 |c [©1917] 
300 |a xiii, 1 unnumbered page, 533 pages, 1 unnumbered page ;  |c 21 cm. 
336 |a text  |b txt  |2 rdacontent 
337 |a unmediated  |b n  |2 rdamedia 
338 |a volume  |b nc  |2 rdacarrier 
504 |a Contains bibliographies. 
650 0 |a State governments. 
650 0 |a Administrative law  |z United States. 
999 |a MARS 
999 f f |s 9f2e97b9-d17d-3439-a101-26db7369715d  |i 0ddd9cda-8dfd-30d1-b533-e993989bf02e  |t 0 
952 f f |p ric  |a Texas A&M University  |b Rellis Campus  |c Joint Library Facility  |d Remote Storage  |t 0  |e JK2443 .M3  |h Library of Congress classification  |i unmediated -- volume  |m A14803104834 
998 f f |a JK2443 .M3  |t 0  |l Remote Storage